=LDR 00000nam 2200000 4500 =001 INLIS000000001052278 =005 20240822080117 =035 ##$$a 0010-0824000096 =007 ta =008 240822################a##########j###### =020 ##$$a 978-89-6329-589-3 =082 ##$$a 028.55 =084 ##$$a 028.55 KIM s =100 #$$a Kim Namjoong =245 1#$$a Siapa yang lebih lambat? /$c Kim Namjoong; ilustrator, Ji Min-gyu =260 ##$$a Gyeonggi-do :$b Korea Tolstoi,$c 2008 =300 ##$$a 31 hlm. : $b ilus. ; $c 26 cm =650 #4$$a Bacaan kanak-kanak =700 #$$a Ji Min-gyu (ilustrator) =990 ##$$a 3202401659